000 00233nam a22001217a 4500
040 _cSY
082 _a634
100 _aDAVID M
245 _aThe practice of silviculture
260 _aRUA
_bDAV
_c1986
300 _a517p.
942 _cEK
999 _c9634
_d9634